000 00637cab a2200241 4500
001 ABS51226
008 090401t1994 xxu||||| |||| 00| 0 eng d
035 _a(Sirsi) u15778
041 _aeng
100 _aLennox, K.
245 2 _aA royal flush
260 _c1994
350 _a0
490 _aEstates Gazette
_v(9431) 6 August 1994, 28-30(2)
520 _aLooks at the National Audit Office report on the Crown Estate.
650 _aCOMPANY PERFORMANCE
650 _aCROWN ESTATE
650 _aNATIONAL AUDIT OFFICE
650 _aPROFILES
690 _aPROPERTY-COMMERCIAL PROPERTY
942 _n0
948 _c04/03/1997
999 _c10379
_d10379